Inmunología : (Registro nro. 29469)

Detalles MARC
000 -CABECERA
Longitud fija campo de control 01111nam a2200217 a 4500
003 - • IDENTIFICADOR DELl NÚMERO DE CONTROL
Identificador del número de control CO-ViMGA
008 - • CÓDIGOS DE INFORMACIÓN DE LONGITUD FIJA
Códigos de información de longitud fija 141112s2004 ck r 000 u spa d
020 ## - • NÚMERO INTERNACIONAL NORMALIZADO PARA LIBROS
Número Internacional Normalizado para Libros (ISBN) 8479037075
040 ## - FUENTE DE LA CATALOGACIÓN
Centro catalogador de origen CO-ViMGA
Lengua de catalogación spa
Centro transcriptor CO-ViMGA
082 04 - • NÚMERO DE LA CLASIFICACIÓN DECIMAL DEWEY
Número de clasificación (R) 616.079 R348i
100 1# - • PUNTO DE ACCESO PRINCIPAL-NOMBRE DE PERSONA
Nombre de persona Regueiro González, J.R.; López Larrea, C.
245 10 - • TITULO PROPIAMENTE DICHO
Título Inmunología :
Resto del título Biología y patología del sistema inmune
250 ## - • MENCIÓN DE EDICIÓN
Mención de edición 3
300 ## - • DESCRIPCIÓN FÍSICA
Extensión 222p
505 ## - • NOTA DE CONTENIDO CON FORMATO
Nota de contenido con formato Celulas y tejidos del sistema inmune. Señalización 9 - - Los linfocitos B y su receptor para antígeno 45 - - La presentación de antígenos a los lifocitos 73 - - Mensajería inmunológica : las citocinas y sus receptores 121 - - Defectos de la inmunidad : las inmunodeficiencias 137 - - Inconvenientes de la inmunidad : la aloinmunidad o rechazo de injertos 167 - - Filogenia : evolución de la inmunidad 185
590 ## - NOTAS LOCALES
Nota local Forma de adquisición : Compra fact.0534 - - Precio : 115000 - - Proveedor : Temas y libros - - Fecha de adquisición : Marzo 2006
650 14 - • PUNTO DE ACCESO ADICIONAL DE MATERIA - TÉRMINO DE MATERIA
Término de materia o nombre geográfico como elemento inicial INMUNOLOGIA
942 ## - ENTRADA DE ELEMENTOS AGREGADOS (KOHA)
Fuente de clasificaión o esquema Dewey Decimal Classification
Koha [por defecto] tipo de item LIbro
Existencias
Perdido Fuente de clasificación o esquema Estado Físico No para préstamo Forma de adquisición Localización permanente Localización actual Fecha adquisición Serie de enumeración / cronolog&íacute;a Préstamos totales Signatura completa Código de barras Fecha última consulta Número de copia Fecha del precio de reemplazo Tipo de item de Koha
  Dewey Decimal Classification     Sala Especializada Tercer Piso Biblioteca Pública Germán Arciniegas - Villavicencio Biblioteca Pública Germán Arciniegas - Villavicencio 12/04/2015 Volumen. 1 | 11/jun/2009   616.079 R348i 20475 12/04/2015 Ej. 1 12/04/2015 LIbro









Instituto Departamental de Cultura del Meta - Red Departamental de Bibliotecas Públicas del Meta.